100 Biggest Cities of Trinidad and Tobago on a Map - Statistics

General Stats
  • This quiz has been taken 46 times
  • The average score is 13 of 100
Answers on the Map
Answers color-coded by a green-red scale on the quiz's map according to % correct below.
 
Answer Stats
Population City % Correct
37,074 Port of Spain
100%
83,516 Chaguanas
59%
48,838 San Fernando
52%
15,772 San Juan
44%
33,606 Arima
41%
20,235 Point Fortin
41%
5,967 Diego Martin
37%
13,873 Penal
37%
9,233 Princes Town
37%
7,084 Debe
33%
11,311 Laventille
33%
3,821 Rio Claro
30%
20,710 Sangre Grande
30%
16,701 Tunapuna
30%
6,170 Siparia
26%
10,608 Freeport
22%
9,405 Petit Valley
22%
3,103 St. Augustine
22%
9,389 Barataria
19%
5,625 Carenage
19%
8,740 Curepe
19%
9,925 Gasparillo
19%
3,183 Tabaquite
19%
12,334 Valencia
19%
12,530 Arouca
15%
5,679 Claxton Bay
15%
3,623 Cumuto
15%
8,786 Cunupia
15%
5,835 D'Abadie
15%
10,129 La Romain
15%
5,263 New Grant
15%
4,218 Wallerfield
15%
4,014 Chase Village
11%
13,614 La Horquetta
11%
17,591 Morvant
11%
3,421 Sangre Chiquito
11%
3,519 West Moorings
11%
7,404 Aranguez
7%
14,928 Barrackpore
7%
3,187 Basse Terre
7%
4,465 Carapichaima
7%
3,987 Cascade
7%
3,639 Dow Village
7%
3,776 George Village
7%
5,995 Indian Walk
7%
10,768 Maloney Gardens
7%
4,646 Maraval
7%
3,214 Mausica
7%
4,988 Mc Bean
7%
3,594 Santa Rosa Heights
7%
6,242 St. Mary's Village
7%
4,752 Tacarigua
7%
5,716 Bagatelle
4%
3,562 Bamboo Grove
4%
3,442 Beetham Estate
4%
3,447 Blue Basin
4%
5,748 Bon Air
4%
4,793 Bonne Aventure
4%
4,408 Cantaro Village
4%
4,950 Carapo
4%
4,005 Carlsen Field
4%
3,861 Couva Central
4%
3,996 Covigne
4%
3,327 Delhi Settlement
4%
5,388 Diamond Vale
4%
3,288 Dibe-Belle Vue
4%
9,132 Dinsley-Trincity
4%
5,333 Duncan Village
4%
5,043 Eastern Quarry
4%
6,439 El Dorado
4%
8,049 El Socorro
4%
5,253 Febeau Village
4%
4,702 Five Rivers
4%
4,178 Kelly Village
4%
3,951 La Canoa
4%
3,891 La Puerta
4%
4,441 Las Lomas
4%
8,910 Malick
4%
3,495 Maracas-St. Joseph
4%
3,128 Mon Repos
4%
3,778 Pasea Extension
4%
4,092 Penal Rock Road
4%
5,171 Petit Bourg
4%
6,817 Pinto Road
4%
4,544 Preysal
4%
3,285 Quarry Village
4%
4,104 Rochard Road
4%
4,206 San Francique
4%
5,383 San Rafael-Brazil
4%
4,254 Sisters Village
4%
3,443 Sixth Company
4%
5,250 St. Andrew's Village
4%
5,100 St. Barbs
4%
5,424 St. Croix Village
4%
3,704 St. Helena Village
4%
4,542 St. Joseph
4%
3,417 Thick/Thick Village
4%
3,767 Upper Belmont
4%
3,627 Upper St. James
4%
3,344 Water Hole
4%
No matching quizzes found
Score Distribution
Percent of People with Each Score
Percentile by Number Answered
Your Score History
You have not taken this quiz